| 000 | 00533nam a2200121Ia 4500 | ||
|---|---|---|---|
| 008 | 170221s9999 xx 000 0 und d | ||
| 100 | _aAdrian L. Mayse | ||
| 245 | _aPerceptions of independence and auditor rotation: An examination of nonprofit organizations | ||
| 245 | _cAdrian L. Mayse, Howard University; Bobbie W. Daniels, Jackson State University; Yvonne Ellis, Georgia Gwinnett College. | ||
| 260 | _bJournal of Management and Marketing Research | ||
| 650 | _xBusiness | ||
| 856 | _uhttp://www.aabri.com/manuscripts/152321.pdf | ||
| 999 |
_c307767 _d307767 |
||